[Event "Sufe Cup"]
[Site "Shanghai"]
[Date "2000.03.06"]
[Round "4"]
[White "Zhang, Zhong"]
[Black "Bologan, Viktor"]
[Result "1-0"]
[WhiteElo "2611"]
[BlackElo "2589"]
[Annotator "Oratovsky,M"]
[PlyCount "59"]
[EventDate "2000.03.03"]
[EventType "tourn"]
[EventRounds "13"]
[EventCountry "CHN"]
[EventCategory "13"]
[SourceTitle "CBM 076"]
[Source "ChessBase"]
[SourceDate "2000.05.31"]
[SourceVersion "1"]
[SourceVersionDate "2000.05.31"]
[SourceQuality "1"]

1. e4 g6 2. d4 Bg7 3. Nc3 c6 4. Nf3 d6 5. Be3 Nd7 6. Qd2 b5 7. a4 ({deserved
attention at first to develope kings bishop} 7. Bd3 Bb7 (7... a6 8. a4 Bb7 9.
O-O Qc7 $6 10. axb5 cxb5 (10... axb5 11. Rxa8+ Bxa8 12. Ra1 Bb7 13. d5 $16) 11.
Nd5 $1 Qd8 12. Qa5 $1 $16 {Adams,M-Dunnington,A/Hastings Masters 1995 1-0 (25)}
) 8. O-O (8. a4 b4 9. Ne2 a5 10. c3 bxc3 11. bxc3 Ngf6 12. O-O O-O 13. Rab1 Ba6
$13 {Fressinet,L-Bacrot,E/ch-FRA Prelim Gp B Playoff 1999/0-1 (71)}) 8... Qc7
9. Rfe1 e6 10. a4 b4 11. Ne2 c5 12. Ng3 h5 $5 $132 {[%cal Gh5h4,Gg8f6,Gf6g4]
Hebden,M-Dunworth,C/Hastings op9495 1995 (27)}) 7... b4 8. Ne2 ({Also possible
to play} 8. Nd1 {with idea quicly develope pieses of the kingside,but knight
on d1 looks more passive.} a5 9. Bd3 Ngf6 10. Bh6 O-O 11. O-O e5 12. c3 Rb8 13.
Re1 Re8 14. Bxg7 Kxg7 15. Ne3 {[%cal Ge3c4]} Qc7 $13 {Quinn,M-Black,R/4NCL
1999 (37)}) 8... c5 9. Ng3 Bb7 10. Bc4 $14 {[%cal Gc4f7,Gf3g5,Gg5e6] threatens
Bf7 and Ng5+} Qa5 (10... Ngf6 11. e5 Nd5 (11... cxd4 $2 12. exf6 dxe3 13. Qxb4
$18 {[%csl Rb7]}) 12. Bh6 {[%cal Gd4c5]} Bxh6 13. Qxh6 $14) 11. O-O h5 (11...
cxd4 12. Nxd4 Ngf6 13. Nb3 Qc7 14. Qxb4 Nxe4 15. Nxe4 Bxe4 16. Bxf7+ Kxf7 17.
Qxe4 $16) 12. Ng5 Nh6 $8 13. dxc5 Nxc5 14. Bb5+ Nd7 15. Bd4 Bxd4 16. Qxd4 O-O-O
17. c3 $14 {Results of the dubious strategy of moldavian grandmaster:black
pieses are misplaced(especially Qa5 and Nh6) and position of the black king is
unsafe.White stands better.} b3 (17... bxc3 $2 18. Rfc1 $16 {[%cal Gb2b4]}) 18.
h4 Nc5 19. Bc4 e5 20. Qd1 Ba6 21. Bb5 ({Deserved attention simple} 21. Bxa6+
Qxa6 22. Qd5 Qb7 23. Rfd1 Qxd5 24. exd5 $5 $14 {[%csl Rb3,Rh6][%cal Gg3e4]
with slightly better endgame}) 21... Bb7 22. Bc4 f5 $6 (22... Ba6 $5) 23. Bxb3
f4 {[%tqu "En","","","","b3d5","Looks like black missed this move in his
calculations.Now white treatens b4.Black counted on",10,"g3e2","",0]} 24. Bd5
$1 $16 {[%cal Gb2b4] Looks like black missed this move in his calculations.Now
white treatens b4.Black counted on} (24. Ne2 Nxe4 $132 {[%cal Gh6f5]}) 24...
fxg3 25. b4 Qa6 26. bxc5 Ng4 (26... gxf2+ 27. Rxf2 dxc5 28. Rb1 (28. Ne6 $16)
28... Bxd5 29. exd5 $16 {[%cal Gf2b2,Gg5e6]}) 27. Be6+ Kb8 28. Bxg4 gxf2+ 29.
Rxf2 hxg4 30. Qxg4 $18 {[%cal Gg5f7]} 1-0

[Event "Chigorin Memorial 07th"]
[Site "St Petersburg"]
[Date "1999.11.10"]
[Round "9"]
[White "Berelowitsch, Alexander"]
[Black "Rashkovsky, Nukhim N"]
[Result "1-0"]
[WhiteElo "2468"]
[BlackElo "2513"]
[Annotator "Oratovsky,M"]
[PlyCount "91"]
[EventDate "1999.11.02"]
[EventType "swiss"]
[EventRounds "9"]
[EventCountry "RUS"]
[SourceTitle "CBM 074"]
[Source "ChessBase"]
[SourceDate "2000.02.01"]
[SourceVersion "1"]
[SourceVersionDate "2000.02.01"]
[SourceQuality "1"]

1. e4 g6 2. d4 Bg7 3. Nc3 d6 4. f4 a6 5. Nf3 b5 6. a3 (6. a4 bxa4 (6... b4 $142
7. Nd5 Bb7 8. Bd3 Bxd5 9. exd5 Nf6 $15 {[%csl Rd5]}) 7. Bc4 e6 8. f5 exf5 9.
O-O Ne7 10. Bg5 $40 {Nisipeanu,L-Moldovan,D/Calimanesti 1999/CBM 70 1-0 (19)})
6... Bb7 (6... Nd7 7. Be2 c5 8. O-O cxd4 9. Nxd4 Bb7 10. Bf3 Ngf6 11. Kh1 O-O
12. e5 Bxf3 13. Qxf3 dxe5 14. Nc6 Qc7 15. Nxe7+ Kh8 $15 {Berelovich,
A-Kupreichik,V/Groningen 1995/CBM 50 ext 1-0 (57)}) 7. Be2 (7. Be3 Nf6 8. e5
Nd5 9. Nxd5 Bxd5 10. Rc1 Nd7 11. c4 bxc4 12. Bxc4 Bxc4 13. Rxc4 O-O 14. O-O Nb6
15. Rc2 Nd5 16. Qd2 Qb8 $15 {[%csl Gd5] Larsen,P-Christensen,B/Copenhagen 1996/
EXT 99 (30)}) 7... Nd7 8. O-O c5 9. d5 ({nothing promises} 9. dxc5 Nxc5 10. Qe1
Nf6 (10... Nxe4 11. Nxe4 Bxe4 12. Bxb5+ axb5 13. Qxe4 Rc8 14. c3 Nf6 15. Qd3
$13) 11. e5 dxe5 12. Nxe5 O-O $15 {with very comfortable position for black
Takle,D-Dunnington,A/Gausdal 1990/TD 0-1 (49)}) 9... b4 (9... Qc7 10. Kh1 Ngf6
11. e5 dxe5 12. fxe5 Nxe5 13. Nxe5 Qxe5 14. Bf4 Qd4 15. Qe1 {[%csl Rd4][%cal
Ga1d1]} c4 16. Rd1 Qc5 17. d6 $44 {1/2-1/2 Berelovich,A-Svidler,P/Azov 1996/
CBM 56 ext (36)}) 10. axb4 cxb4 11. Na4 Ngf6 12. Bd3 O-O 13. Kh1 (13. Be3 Ng4
14. Bd2 Nb6 15. Kh1 a5 $132) (13. Bd2 $5 a5 14. c4 bxc3 15. Bxc3 $14 {[%cal
Gf3d4]}) 13... Nb6 14. Nxb6 Qxb6 15. Qe1 {[%csl Rb4][%cal Gc1e3]} a5 16. Qh4
Ba6 (16... e6 17. dxe6 fxe6 18. Ng5 Rae8 $132) 17. f5 Bxd3 18. cxd3 a4 (18...
gxf5 19. Bh6 {[%cal Gh4g5,Yf3g5]} Bxh6 20. Qxh6 $16 {[%cal Gf3g5]}) 19. Bh6 a3
20. bxa3 Rxa3 21. Rae1 Rfa8 (21... Rxd3 22. fxg6 fxg6 23. Bxg7 Kxg7 24. Ng5 $40
) 22. fxg6 hxg6 23. e5 dxe5 24. Nxe5 $40 R3a7 (24... b3 25. Nxf7 Kxf7 26. Bxg7
Kxg7 27. Rxe7+ $18) 25. Be3 $16 Qd6 26. Bxa7 Rxa7 27. Qc4 Rc7 28. Qb5 Rc5 29.
Qxb4 Rxd5 30. Qxd6 exd6 31. Nc4 Rxd3 32. Rd1 Rxd1 33. Rxd1 {in arising endgame
white has only some technical difficulties for reaching a victory.Black has
only chanse for sucsessfull defense-not to lose "d6"pawn,but after} Ne4 34. Kg1
Bf8 35. g4 $1 {[%cal Gg1g2,Gg2f3] breaks all blacks hopes} Kg7 36. Kg2 Kf6 (
36... f5 37. gxf5 gxf5 38. Rf1 Kg6 39. Ne3 $18 {[%csl Rf5]}) 37. Kf3 Ng5+ 38.
Kf4 Ne6+ 39. Kg3 $18 {[%csl Rd6] rest of the game is easy job for white} Ke7
40. Nxd6 Bg7 41. Nc4 f5 42. gxf5 gxf5 43. Rd5 Kf6 44. Nd6 Nc7 45. Rc5 Bf8 46.
Rxf5+ 1-0

[Event "Syre Memorial op 33th"]
[Site "Issy les Moulineaux"]
[Date "2010.05.16"]
[Round "6"]
[White "Sorbe, Stephane"]
[Black "Payen, Arnaud"]
[Result "1-0"]
[WhiteElo "2325"]
[BlackElo "2366"]
[Annotator "Payen,A"]
[PlyCount "107"]
[EventDate "2010.05.13"]
[EventType "swiss"]
[EventRounds "6"]
[EventCountry "FRA"]
[SourceTitle "EXT 2011"]
[Source "ChessBase"]
[SourceDate "2010.11.26"]
[SourceVersion "1"]
[SourceVersionDate "2010.11.26"]
[SourceQuality "1"]

1. e4 c6 2. d4 g6 3. Nf3 Bg7 4. Be2 d5 5. e5 f6 (5... Bg4 6. Nbd2 c5 {Est une
variante sans doute plus solide}) 6. O-O Nh6 7. c4 {Un bon choix d'ouverture
car la position noire semble un peu douteuse.} O-O 8. Nc3 Be6 9. Qb3 Qb6 $6
$146 {Très bien plaçé dans le tournoi j'ai voulu assurer au moins la nulle
mais en fait la position est difficile а défendre.Dd7 est le meilleur coup.} (
9... Qd7 $1 {Rowson,J (2400)-Baklan,V (2490) EU-ch U18 Zagan 1995 (10) 1/2})
10. exf6 exf6 (10... Qxb3 $4 11. fxg7 Qb6 12. gxf8=Q+ Kxf8 13. Bxh6+) 11. Qxb6
axb6 12. cxd5 Bxd5 13. Nxd5 cxd5 {Je pensais pouvoir contre-attaquer
rapidement sur d4 mais b6 est très faible} 14. Bf4 {[%csl Rb6][%cal Rf4c7,
Rc7b6]} Rc8 (14... Re8 $1 15. Bd1 g5 16. Bc7 Rc8 $1 17. Bxb6 Nd7 18. Bc5 Nxc5
19. dxc5 Rxc5 20. Bb3) (14... g5 $6 15. Bc7 Rc8 16. Rfc1 g4 17. Nd2 Nc6 18.
Bxb6 f5 19. Nb3) 15. Bd1 $1 {[%csl Ga2,Rd5][%cal Rd1b3,Rb3d5,Rb3a2] Une très
forte manoeuvre!} Nf5 16. Bb3 Ne7 17. Rfe1 Nbc6 18. Re6 $6 (18. Bd6) 18... Kf7
$6 (18... g5 19. Bd6 Na5 $11 {Selon Rybka!}) 19. Rae1 Bf8 20. Bd6 Ra5 $1 {
[%csl Rd4,Gd5][%cal Ra5d5,Re7f5,Rf5d4,Rc6d4]} 21. g4 $1 {Empêche Cf5} g5 22. h4
h6 $2 {Trop passif!} (22... gxh4 23. g5 (23. Nxh4 Ng6 24. Nf5 Nce5 25. Bxf8 (
25. dxe5 Kxe6 26. exf6+ Kxf6) 25... Nf3+ 26. Kf1 Nxe1) 23... Ng8 24. gxf6 Nxf6
25. Kg2) 23. h5 Rd8 $2 {resserré je me suis senti obligé de jouer dynamique
mais c'est encore pire.} 24. Bc7 Rd7 25. Bxb6 Ra6 26. Bc5 Nd8 27. R6e3 (27.
Rxa6 bxa6 28. Ba4 Rb7 29. b4 Nec6 30. Bxf8 Kxf8 31. a3 Kf7 32. Rc1 Ne7 $16)
27... Ne6 {[%csl Gf4][%cal Re6f4]} 28. Ba3 Nf4 29. Bc2 Ra8 30. Bb1 Nh3+ $138
31. Kf1 Nf4 32. Nd2 Ra4 33. Nb3 b6 34. Bd3 Nxd3 35. Rxd3 f5 $2 (35... Rc7 $1 {
Et les blancs doivent encore travailler.}) 36. gxf5 $1 {Concret!} Bg7 (36...
Nxf5 37. Rf3 $18) 37. Re6 Nxf5 $2 (37... Rb7 {Plus solide!}) 38. Rxb6 Bxd4 39.
Nxd4 Nxd4 40. Rxh6 Rd8 41. Rh7+ Ke6 42. Rg7 Nc2 43. Rxg5 Nxa3 44. Rxa3 Rxa3 45.
bxa3 d4 46. Ke2 Rb8 47. h6 Kf6 48. Rg4 (48. Rh5 Kg6 49. Rh3 $1 {[%csl Ga3]
[%cal Rh3a3]} Rb2+ 50. Kd3 Kh7 51. f4 Rf2 52. Ke4 d3 53. Rxd3 Kxh6) 48... Rb2+
49. Kf3 Rb1 (49... Rxa2 50. h7 Rxa3+ 51. Kg2 Ra8 52. Rg8) 50. Rxd4 Kg6 51. Rd6+
Kh7 52. a4 Rb2 53. a5 Rxa2 54. a6 {Une mauvaise partie pour une ronde décisive
au niveau des prix.Seulement 6 rondes.} 1-0

[Event "Bermuda-A"]
[Site "Bermuda"]
[Date "1995.??.??"]
[Round "1"]
[White "Ivanov, Alexander"]
[Black "Pein, Malcolm"]
[Result "1-0"]
[WhiteElo "2515"]
[BlackElo "2415"]
[Annotator "Pein,M"]
[PlyCount "119"]
[EventDate "1995.01.??"]
[EventType "tourn"]
[EventRounds "9"]
[EventCountry "BER"]
[EventCategory "10"]
[SourceTitle "CBM 046"]
[Source "ChessBase"]
[SourceDate "1995.06.01"]
[SourceVersion "1"]
[SourceVersionDate "1995.06.01"]
[SourceQuality "1"]

1. e4 d6 2. d4 g6 3. Nc3 Bg7 4. Be3 a6 5. h4 h5 6. Qd2 Nf6 7. f3 b5 8. Nh3 Bb7
9. a4 c6 $1 {Nunn} (9... b4 $6 {Allows later a Bc4 and Ng5.}) 10. e5 {On other
moves Black continues with 10...Nbd7 and 11...e5 withgood play.} b4 11. exf6
bxc3 12. Qxc3 Bxf6 13. Ng5 {/\Qb3 with double attack.} d5 14. a5 $1 {Costs
time, but buries Bb7.} Nd7 {/\c5} 15. b4 e5 {Necessary, as White was ready to
play f3-f4.} 16. Bd3 O-O 17. O-O Qb8 $1 {/\Qa7} 18. f4 e4 19. Be2 Be7 20. f5
Qg3 21. Bd2 Qxc3 (21... Qxh4 22. g3 $18) 22. Bxc3 Bc8 23. fxg6 fxg6 24. Rxf8+
Nxf8 25. Bd2 Ne6 26. c3 Ng7 27. Bf4 Bg4 28. Bf1 Nf5 29. g3 Bxg5 $2 (29... Nd6
$142) 30. hxg5 Bf3 31. Kf2 Kf7 32. Rc1 Ke6 33. Be5 Bg4 34. c4 e3+ 35. Ke1 h4
36. cxd5+ cxd5 37. Rc6+ Kd7 38. Rc7+ Ke6 39. Rc6+ Kd7 40. Rc7+ Ke6 41. b5 $1
$36 hxg3 (41... axb5 42. Bxb5 Rxa5 $2 43. Bd7+ Ke7 44. Bxf5+ $18) 42. b6 Nh4
43. Bxg3 Nf3+ 44. Ke2 Nd2+ 45. Ke1 Nf3+ 46. Kd1 Nxd4+ 47. Kc1 e2 48. Bg2 Nb3+
$2 (48... Rd8 $5 {Fritz3} 49. b7 (49. Kb2 Kf5 50. b7 Kxg5 51. Rc1 Nf5 52. b8=Q
Rxb8+ 53. Bxb8 Ne3) 49... Nb3+ 50. Kb2 Nxa5 $17) (48... Nf5 $142 $1 49. Bf2 (
49. Rc6+ Kd7 50. Rc7+ Kd8) 49... Ne3 $1) 49. Kb2 Nxa5 50. Rc5 Rf8 51. Bxd5+ Kd7
52. Rxa5 Rb8 53. b7 Rd8 54. Ra1 Ke7 55. b8=Q Rxb8+ 56. Bxb8 Kd7 57. Bc4 Kc6 58.
Kc3 Kc5 59. Ba7+ Kd6 60. Kd2 1-0

[Event "USA-ch final"]
[Site "Denver"]
[Date "1998.11.16"]
[Round "2"]
[White "De Firmian, Nick E"]
[Black "Benjamin, Joel"]
[Result "1/2-1/2"]
[WhiteElo "2605"]
[BlackElo "2595"]
[Annotator "Petursson,M"]
[PlyCount "89"]
[EventDate "1998.11.15"]
[EventType "match"]
[EventRounds "4"]
[EventCountry "USA"]
[SourceTitle "CBM 068"]
[Source "ChessBase"]
[SourceDate "1999.02.01"]
[SourceVersion "1"]
[SourceVersionDate "1999.02.01"]
[SourceQuality "1"]

{[%mdl 8256]} 1. e4 g6 2. d4 Bg7 3. Nc3 d6 4. f4 Nc6 5. Be3 Nf6 6. Nf3 e6 7. h3
O-O 8. Qd2 Ne7 9. Bd3 b6 10. O-O-O Bb7 11. Rhe1 c5 12. Bf2 Rc8 13. Kb1 c4 14.
Bf1 d5 15. e5 Ne4 16. Nxe4 dxe4 17. Ng5 c3 18. bxc3 b5 19. Ka1 Bd5 20. Nxe4
Bxe4 21. Rxe4 Nd5 22. c4 bxc4 23. c3 Qa5 24. Be1 Qa4 25. Rc1 Rb8 26. Qc2 Qc6
27. Bd2 Rb6 28. Ree1 Rfb8 29. Rb1 Nc7 30. Rxb6 Rxb6 31. Rb1 Nb5 32. Bc1 Bf8 33.
g4 Ra6 34. f5 Ra5 35. fxe6 fxe6 36. h4 Ba3 37. h5 Bxc1 38. Qxc1 $2 (38. Rxc1
$18) {[%tqu "En","Can you find a way to force a draw for Black here?","You are
a pawn down for nothing!  Try to find a way to give perpetual check!",
"Sacrifice your rook!","a5a2","",18]} 38... Rxa2+ $1 39. Kxa2 Qa6+ 40. Kb2 Qa3+
41. Kc2 Qxc3+ 42. Kd1 Qf3+ 43. Be2 Nc3+ 44. Kd2 (44. Kc2 $6 Nxe2 45. Rb8+ Kf7
46. Qd2 Qxg4) 44... Ne4+ 45. Kd1 1/2-1/2

[Event "Politiken Cup 18th"]
[Site "Copenhagen"]
[Date "1996.??.??"]
[Round "2"]
[White "Glek, Igor Vladimirovich"]
[Black "Fries Nielsen, Jens Ove"]
[Result "1-0"]
[WhiteElo "2635"]
[BlackElo "2420"]
[Annotator "Petursson,M"]
[PlyCount "29"]
[EventDate "1996.06.??"]
[EventType "swiss"]
[EventRounds "11"]
[EventCountry "DEN"]
[SourceTitle "CBM 054"]
[Source "ChessBase"]
[SourceDate "1996.10.01"]
[SourceVersion "1"]
[SourceVersionDate "1996.10.01"]
[SourceQuality "1"]

1. e4 g6 2. d4 Bg7 3. Nc3 c6 4. h3 d6 5. f4 e5 6. dxe5 Qh4+ 7. Ke2 dxe5 8. Nf3
Qh5 9. fxe5 Bxe5 10. Kf2 Bc7 11. e5 Bg4 $4 (11... Ne7 $13) 12. hxg4 $1 $18 Qxh1
13. Ne4 Nh6 (13... Bd8 14. Nd6+ $1 (14. Ng3 Bh4) 14... Kf8 15. Nxf7 Bb6+ 16.
Be3 Bxe3+ 17. Kxe3 Kg7 18. N7g5 $18) 14. Ng3 Nxg4+ 15. Ke2 1-0

[Event "RUS-Cup6"]
[Site "Krasnodar"]
[Date "1997.03.17"]
[Round "7"]
[White "Maiorov, Oleg Ivanovich"]
[Black "Zakharevich, Igor"]
[Result "0-1"]
[WhiteElo "2435"]
[BlackElo "2505"]
[Annotator "Petursson,M"]
[PlyCount "60"]
[EventDate "1997.03.11"]
[EventType "swiss"]
[EventRounds "9"]
[EventCountry "RUS"]
[SourceTitle "EXT 2000"]
[Source "ChessBase"]
[SourceDate "1999.11.16"]
[SourceVersion "1"]
[SourceVersionDate "1999.11.16"]
[SourceQuality "1"]

1. e4 g6 2. d4 Bg7 3. Nc3 d6 4. Bg5 c6 5. Qd2 b5 6. f4 b4 7. Nce2 Nf6 8. Bxf6
exf6 9. Qxb4 O-O 10. Nc3 d5 11. O-O-O a5 12. Qc5 dxe4 13. Nxe4 Re8 14. Nf2 Be6
15. a3 Qc7 16. Nd3 Nd7 17. Qc3 Nb6 18. Ne2 Na4 19. Qd2 Rab8 20. Nc3 {[%tqu
"En","Can you find a brilliant move in this position, giving Black a winning
attack?","Strike on the dark squares!","Can you sacrifice your knight to break
up his defences?","a4b2","VERY GOOD!!  You have a great feeling for attack!",
15]} Nxb2 $1 21. Nxb2 {[%tqu "En","So how do you follow up the sacrifice?",
"You want to exploit the awkward position of the knight on b2","Bring your
dark squared bishop to the attack!","g7f8","",12]} Bf8 $1 22. Nb1 (22. Re1 Bxa3
23. Ncd1 Rxb2 24. Nxb2 Rb8 25. Kd1 Rxb2 $17 26. Qe3 Ra2 $40) {[%tqu "En","He
managed to guard a3 by playing the miserable Nc3-b1. Time to find new targets
for you. How do you continue?","Your control of the b file is crucial. What is
the most natural way to exploit it?","Yes, double your rooks!","b8b7","YES!
Very good!  You know when to go for the slow kill!",12]} 22... Rb7 23. c4 (23.
Ba6 Rb6 24. Qxa5 Ra8 $19) 23... Reb8 $19 24. Bd3 Rxb2 25. Qxb2 Rxb2 26. Kxb2
Qxf4 27. Kc3 f5 28. g3 Qd6 29. Bc2 Bg7 30. Rhe1 c5 0-1

[Event "Cappelle op 20th"]
[Site "Cappelle la Grande"]
[Date "2004.02.29"]
[Round "2"]
[White "Postny, Evgeny"]
[Black "Inarkiev, Ernesto"]
[Result "1-0"]
[WhiteElo "2537"]
[BlackElo "2606"]
[Annotator "Postny,E"]
[PlyCount "79"]
[EventDate "2004.02.28"]
[EventType "swiss"]
[EventRounds "9"]
[EventCountry "FRA"]
[SourceTitle "CBM 099 Extra"]
[Source "ChessBase"]
[SourceDate "2004.05.04"]
[SourceVersion "1"]
[SourceVersionDate "2004.05.04"]
[SourceQuality "1"]

1. e4 g6 2. d4 Bg7 3. Nf3 d6 4. Nc3 a6 5. a4 b6 {Although, this move is
passive, black has good results in this setup recently. It's easy to
overestimate white's chances here.} 6. Bc4 e6 7. Bg5 (7. O-O Nd7 8. Be3 Ne7 9.
Qd2 h6 10. h3 Bb7 11. Rae1 Nf6 12. Bd3 Qd7 13. b4 Rd8 14. b5 a5 15. Nh2 Qc8 16.
f3 Nh5 17. Ne2 e5 18. f4 exf4 19. Bxf4 Nxf4 20. Qxf4 $14 {0-1 Ivanov,
A-Benjamin,J/Seattle 2000/CBM 80 (67)}) 7... Ne7 8. Qd2 {[%csl Gg7][%cal Gg5h6]
Provoking the h7-h6 move, after which it will be not so easy for black to make
a short castling.} h6 9. Be3 Nd7 10. O-O Bb7 11. d5 $5 (11. Rfe1 Nf6 12. Bf4 g5
13. Bg3 Nh5 14. Rad1 Ng6 15. d5 e5 16. Qe3 Nhf4 $132 {1-0 Milos,G-Shchekachev,
A/Las Palmas 1993/EXT 98 (36)}) 11... e5 {The position is now transforms to
King's Indian type.} 12. Ne1 f5 (12... Nf6 13. f3 Bc8 14. Be2 g5 15. Nd3 Nh5
16. g3 Bh3 17. Rf2 Ng6 18. Nb4 $16 {0-1 Chevallier,D-Ivkov,B/France 1991/TD 
(44)}) 13. exf5 (13. f4 $6 exf4 14. Bxf4 g5 15. Be3 Ne5 16. Be2 O-O 17. exf5
Nxf5 18. Bf2 Qe8 $15 {0-1 Relic,R-Nikolin,Z/Vrnjacka Banja 1999/EXT 2000 (41)})
13... Nxf5 (13... gxf5 14. f4 $14) 14. Bd3 (14. Qd3 O-O 15. Ne4 Nxe3 16. fxe3
Rxf1+ 17. Kxf1 Bc8 18. Nf3 Nf6 $11 {1/2-1/2 Yagupov,I-Shchekachev,A/Bela Crkva
1990/EXT 97 (36)}) 14... O-O $6 $146 {Black goes for dubious pawn sacrifice.} (
14... Nf6 15. f4 $5 e4 16. Nxe4 Nxd5 17. Bf2 Bxb2 18. Rb1 Bg7 19. Nf3 $44 {
1-0 Kalevic,S-Blagojevic,K/Niksic 1997/CBM 59 ext (38)}) 15. Bxf5 Rxf5 ({
I expected} 15... gxf5 16. Bxh6 f4 17. Bxg7 Kxg7 {[%csl Ge5,Gf4] with some
compensation for the pawn, though the position should be in white's favour.})
16. Bxh6 Qh4 17. Bxg7 Kxg7 18. f4 $5 {I went for a counter sacrifice in order
to seize the initiative.} ({Possible alternative was} 18. h3 Rh8 19. f3 {
, but i thought it's too passive.}) 18... Nf6 $2 {This move is too optimistic.}
(18... Rxf4 19. Rxf4 (19. Nf3 $5 Qh6 20. Rae1) 19... Qxf4 20. Qxf4 exf4 21. Nd3
g5 22. Re1 Rf8 23. h4 gxh4 24. Re7+ Rf7 25. Rxf7+ Kxf7 26. Nxf4 $14) 19. g3 Qh3
20. Ng2 {Transfering the knight to an ideal square e3.} Rh8 (20... Ng4 21. Nh4
{parrying all the threats.}) 21. Ne3 Rfh5 22. fxe5 dxe5 23. Rf2 {White is a
pawn up, and black is not able to create any serious threats on the kingside.}
Bc8 (23... Rg5 {[%cal Gg5g3]} 24. Rg2 c6 25. Rf1 cxd5 26. Rxf6 $1 d4 (26...
Kxf6 27. Nexd5+ $18) 27. Ned5 Rf5 28. Rxb6 $18) 24. Raf1 Bf5 ({Does not work} 
24... Qxg3+ $2 25. hxg3 Rh1+ 26. Kg2 R8h2+ 27. Kf3 $18) 25. Qe2 a5 (25... e4
26. Rg2 $18 ({But not} 26. Qxa6 $4 Qxg3+ $1 27. hxg3 Rh1+ 28. Kg2 R8h2#)) 26.
Qc4 Ne8 27. Nb5 Kh7 28. d6 $1 {Starting the attack against the black king.} Be6
(28... cxd6 29. Qf7+ Kh6 30. Nxd6 Nxd6 31. Qf6 $18 {[%csl Rd6,Rh8]}) 29. Qc6
Bd7 30. Qb7 Nxd6 (30... Bc8 31. Qa7 $18) 31. Nxd6 cxd6 {[%tqu "En","Find the
best move.","","","g3g4","Somewhat surprising move, which yields white
decisive material advantage.",10]} 32. g4 $1 {Somewhat surprising move, which
yields white decisive material advantage.} Rd8 33. gxh5 Qxe3 34. Qc7 Qg5+ 35.
Rg2 Qh4 36. hxg6+ Kh6 37. g7 Be6 38. Qxd8 {The simplest.} Qxd8 39. Rf8 Qh4 {
In time-trouble black is missing mate in one...} 40. Rh8# 1-0